000
00224 a2200097 4500
001
59965
100
_a
245
_a
Maqadma Tareekh Ibn-e-Khaldoon
260
_a
Lahore
_b
Al-Faisal Nashran
_c
090
_c
36806
_d
36806
942
_a
NUST-CAE
_c
MONOGRAPH
_c
29787
999
_c
295038
_d
295038